000
00501nam a2200145Ia 4500
008
100204s9999 xx 000 0 und d
082
_b
12979
100
_a
मिसळ शांता
245
_a
स्वर एका स्वाराचा
260
_b
"अनिरुध्द प्रकाशन, पुणे"
_c
1990
300
_a
184
630
_a
स्वर एका स्वाराचा
730
_a
स्वर एका स्वाराचा
942
_c
BOOK
999
_c
457411
_d
457408